[Event "GBR-ch"]
[Site "Aberystwyth, Wales"]
[Date "2014.07.23"]
[Round "5.3"]
[White "Williams, Simon K"]
[Black "Tan, Justin"]
[Result "1-0"]
[WhiteElo "2462"]
[BlackElo "2375"]
[PlyCount "149"]
[EventDate "2014.07.19"]
[EventType "swiss"]
[EventRounds "11"]
[EventCountry "GBR"]
[Source "John Saunders"]
[SourceDate "2015.07.24"]

1. d4 d5 2. c4 c6 3. Nc3 Nf6 4. Nf3 dxc4 5. a4 Bf5 6. e3 e6 7. Bxc4 Bb4 8. O-O
Nbd7 9. Qe2 Bg6 10. e4 O-O 11. Bd3 c5 12. e5 cxd4 13. Bxg6 hxg6 14. exf6 dxc3
15. fxg7 Kxg7 16. Qe3 Qf6 17. bxc3 Bxc3 18. Ra3 Rfc8 19. Rxc3 Rxc3 20. Qh6+ Kg8
21. Bb2 Nf8 22. Ng5 Qd4 23. Ne4 Qxe4 24. Bxc3 e5 25. Re1 Qf4 26. Qh3 Re8 27. a5
Nh7 28. Qd3 b6 29. a6 Nf6 30. g3 Qf5 31. Qxf5 gxf5 32. Rxe5 Rxe5 33. Bxe5 Nd7
34. Bd4 Kh7 35. Kf1 Kg6 36. Ke2 Nb8 37. Bxb6 Nxa6 38. Bxa7 Nc7 39. Be3 Ne6 40.
Kd3 Ng7 41. Kd4 f6 42. Kd5 Kf7 43. Kd6 Ne8+ 44. Kd7 Ng7 45. h4 Nh5 46. Bh6 Kg6
47. Ke6 Kxh6 48. Kxf5 Ng7+ 49. Kxf6 Ne8+ 50. Ke5 Kg6 51. g4 Nf6 52. h5+ Kf7 53.
f3 Nd7+ 54. Kf5 Nf6 55. f4 Nd5 56. g5 Ne3+ 57. Ke4 Nf1 58. Kf3 Nh2+ 59. Ke3
Nf1+ 60. Kf2 Nd2 61. Ke2 Ne4 62. Kf3 Nd2+ 63. Kg4 Nf1 64. f5 Ne3+ 65. Kf4 Ng2+
66. Ke5 Ne3 67. h6 Nc4+ 68. Kf4 Nd6 69. g6+ Kf6 70. h7 Kg7 71. f6+ Kxf6 72.
h8=Q+ Kxg6 73. Qd8 Nf7 74. Qb6+ Kg7 75. Qe6 1-0

[Event "GBR-ch"]
[Site "Aberystwyth, Wales"]
[Date "2014.07.23"]
[Round "5.4"]
[White "Jackson, James P"]
[Black "Hebden, Mark L"]
[Result "0-1"]
[WhiteElo "2320"]
[BlackElo "2554"]
[PlyCount "66"]
[EventDate "2014.07.19"]
[EventType "swiss"]
[EventRounds "11"]
[EventCountry "GBR"]
[Source "John Saunders"]
[SourceDate "2015.07.24"]

1. d4 Nf6 2. c4 g6 3. Nc3 Bg7 4. e4 d6 5. f4 c5 6. d5 O-O 7. Nf3 e6 8. Be2 exd5
9. cxd5 Bg4 10. O-O Nbd7 11. h3 Bxf3 12. Bxf3 Ne8 13. g4 Nc7 14. a4 a6 15. Be3
Rb8 16. Qd2 b5 17. axb5 axb5 18. e5 Nb6 19. b3 dxe5 20. d6 Ne6 21. f5 Nd4 22.
Ne4 Nxb3 23. Qf2 Nxa1 24. Rxa1 c4 25. Ra7 Nd5 26. f6 Nxf6 27. Bc5 b4 28. Kg2 b3
29. Ba3 Nd5 30. Qd2 Nf4+ 31. Kg3 Nd3 32. Be2 Qb6 33. Bxd3 cxd3 0-1

[Event "GBR-ch"]
[Site "Aberystwyth, Wales"]
[Date "2014.07.23"]
[Round "5.5"]
[White "Ward, Chris G"]
[Black "Rudd, Jack"]
[Result "1/2-1/2"]
[WhiteElo "2422"]
[BlackElo "2278"]
[PlyCount "124"]
[EventDate "2014.07.19"]
[EventType "swiss"]
[EventRounds "11"]
[EventCountry "GBR"]
[Source "John Saunders"]
[SourceDate "2015.07.24"]

1. d4 d6 2. c4 e5 3. d5 f5 4. e4 Nf6 5. exf5 Bxf5 6. Nc3 Na6 7. Nge2 c6 8. Ng3
Bd7 9. Be2 Be7 10. O-O O-O 11. Be3 Qc7 12. f4 exf4 13. Rxf4 Rae8 14. Qd2 Qc8
15. Raf1 Bd8 16. Kh1 c5 17. Nce4 Be7 18. Nxf6+ Bxf6 19. Bd3 Be5 20. Rxf8+ Rxf8
21. Bf4 Qe8 22. h3 Nb4 23. Bxe5 Rxf1+ 24. Nxf1 Qxe5 25. Bb1 Bf5 26. a3 Bxb1 27.
axb4 b6 28. bxc5 bxc5 29. Qf2 Be4 30. Ne3 h5 31. h4 a5 32. b3 Bg6 33. Nf1 Qc3
34. Nd2 Bc2 35. Qf4 Qd4 36. Qxd4 cxd4 37. Kh2 Kf7 38. Kg3 Ke7 39. Kf4 Kd7 40.
Kg5 g6 41. g4 hxg4 42. Kxg4 Kc7 43. Kf4 Kb6 44. Ne4 Bxb3 45. Nxd6 a4 46. Nb5
Bxc4 47. Nxd4 Bxd5 48. Ke3 a3 49. Kd3 a2 50. Nc2 Kc5 51. Kc3 Be4 52. Na1 Kd6
53. Kb2 Bd5 54. Nc2 Ke5 55. Nb4 Kd4 56. Ka1 Ke5 57. Kb2 Be4 58. Nxa2 Kf4 59.
Kc1 Kg3 60. Kd2 Kxh4 61. Ke3 Bb7 62. Kf2 g5 1/2-1/2

[Event "GBR-ch"]
[Site "Aberystwyth, Wales"]
[Date "2014.07.23"]
[Round "5.6"]
[White "McPhillips, Joseph"]
[Black "Harvey, Marcus R"]
[Result "1/2-1/2"]
[WhiteElo "2200"]
[BlackElo "2287"]
[PlyCount "113"]
[EventDate "2014.07.19"]
[EventType "swiss"]
[EventRounds "11"]
[EventCountry "GBR"]
[Source "John Saunders"]
[SourceDate "2015.07.24"]

1. e4 e6 2. d4 d5 3. Nc3 Nf6 4. e5 Nfd7 5. f4 c5 6. Nf3 Nc6 7. Be3 a6 8. Qd2
Qb6 9. O-O-O Qa5 10. Kb1 b5 11. dxc5 Nxc5 12. Bd3 Bd7 13. Qf2 b4 14. Ne2 b3 15.
axb3 Nxd3 16. Rxd3 Nb4 17. Nc1 Nxd3 18. Nxd3 Rc8 19. g4 h5 20. g5 g6 21. f5
gxf5 22. g6 fxg6 23. Nh4 d4 24. Bxd4 g5 25. Nxf5 exf5 26. e6 Bc6 27. Re1 Rg8
28. Re5 Qc7 29. e7 Bg7 30. Qxf5 Bxe5 31. Nxe5 Bd5 32. Bc5 Qxe5 33. Qxe5 Rxc5
34. c4 Bxc4 35. Qxc5 Be6 36. Ka2 h4 37. Qd6 Kf7 38. Ka3 g4 39. Kb4 Re8 40. Kc5
Rxe7 41. Qf4+ Kg6 42. Kd6 Rf7 43. Qe4+ Bf5 44. Qa8 Rf6+ 45. Kd5 Re6 46. Qg8+
Kh5 47. Qg7 Re2 48. Qf6 Be4+ 49. Kd4 g3 50. Qxa6 Bf3 51. Qb5+ Kh6 52. Qb6+ Kg5
53. Qd8+ Kg4 54. Qd7+ Kf4 55. Qf7+ Kg4 56. Qd7+ Kf4 57. Qf7+ 1/2-1/2

[Event "GBR-ch"]
[Site "Aberystwyth, Wales"]
[Date "2014.07.23"]
[Round "5.7"]
[White "Brown, Martin"]
[Black "Howell, David W L"]
[Result "0-1"]
[WhiteElo "2194"]
[BlackElo "2650"]
[PlyCount "80"]
[EventDate "2014.07.19"]
[EventType "swiss"]
[EventRounds "11"]
[EventCountry "GBR"]
[Source "John Saunders"]
[SourceDate "2015.07.24"]

1. e4 g6 2. d4 Bg7 3. Nc3 d6 4. f4 a6 5. a4 Nf6 6. Bd3 O-O 7. Nf3 Nc6 8. Be3
Ng4 9. Bg1 e5 10. fxe5 dxe5 11. d5 Nd4 12. h3 Nh6 13. Qd2 f5 14. O-O-O fxe4 15.
Bxe4 Nhf5 16. Bxf5 Nxf5 17. Qe1 e4 18. Nxe4 Re8 19. Qb4 b5 20. a5 Bb7 21. Bc5
Qd7 22. Rhe1 Rad8 23. g4 Nh6 24. Nc3 Nf7 25. Rxe8+ Rxe8 26. Nd4 Ng5 27. Qb3 Qf7
28. h4 Ne4 29. Nxe4 Bxd5 30. Qa3 Rxe4 31. g5 Bxd4 32. Bxd4 Qf4+ 33. Kb1 Rxd4
34. Re1 Re4 35. Rd1 c6 36. Qc5 Qd2 37. Qg1 Qxa5 38. b3 Qc7 39. Qc5 Qe7 40. Rxd5
cxd5 0-1

[Event "GBR-ch"]
[Site "Aberystwyth, Wales"]
[Date "2014.07.23"]
[Round "5.8"]
[White "Graham, David B"]
[Black "Zhou, Yang-Fan"]
[Result "0-1"]
[WhiteElo "2155"]
[BlackElo "2475"]
[PlyCount "126"]
[EventDate "2014.07.19"]
[EventType "swiss"]
[EventRounds "11"]
[EventCountry "GBR"]
[Source "John Saunders"]
[SourceDate "2015.07.24"]

1. e4 c5 2. Nc3 Nc6 3. f4 g6 4. Nf3 Bg7 5. Bc4 e6 6. f5 Nge7 7. fxe6 dxe6 8. d3
Nd4 9. O-O Nec6 10. Bg5 f6 11. Bh4 O-O 12. Nxd4 cxd4 13. Ne2 Kh8 14. Qd2 Qd6
15. Bg3 e5 16. c3 Be6 17. Bxe6 Qxe6 18. cxd4 Nxd4 19. Nxd4 exd4 20. Qb4 Qb6 21.
Qxb6 axb6 22. Bc7 Ra6 23. e5 f5 24. e6 Re8 25. Rfe1 Bf6 26. a3 b5 27. e7 Kg7
28. Bd8 b4 29. axb4 Rxa1 30. Rxa1 Bxe7 31. Bb6 Bf6 32. Ra7 Re7 33. Bc5 Rd7 34.
b5 Be5 35. g3 Kf6 36. Kf2 Ke6 37. b4 Kd5 38. Ra8 Bc7 39. b6 Bd8 40. Rc8 g5 41.
h3 h5 42. Kg2 g4 43. hxg4 hxg4 44. Kf2 Ke5 45. Kg2 f4 46. gxf4+ Kxf4 47. Rc7
Bxc7 48. bxc7 Rxc7 49. Bd6+ Ke3 50. Bxc7 Kxd3 51. Be5 Ke4 52. Bf6 d3 53. Kf1 g3
54. Bg5 Kf3 55. b5 g2+ 56. Kg1 Ke2 57. Kxg2 d2 58. Bxd2 Kxd2 59. b6 Ke3 60. Kf1
Kd4 61. Ke2 Kc5 62. Kd3 Kxb6 63. Kc4 Ka5 0-1

[Event "GBR-ch"]
[Site "Aberystwyth, Wales"]
[Date "2014.07.23"]
[Round "5.9"]
[White "Pert, Richard G"]
[Black "Batchelor, Peter J"]
[Result "1-0"]
[WhiteElo "2430"]
[BlackElo "2177"]
[PlyCount "81"]
[EventDate "2014.07.19"]
[EventType "swiss"]
[EventRounds "11"]
[EventCountry "GBR"]
[Source "John Saunders"]
[SourceDate "2015.07.24"]

1. d4 d5 2. c4 e6 3. Nc3 Be7 4. Nf3 Nf6 5. Bf4 O-O 6. e3 c5 7. dxc5 Bxc5 8. Qc2
Qa5 9. Be2 Ne4 10. O-O Nxc3 11. bxc3 Be7 12. cxd5 exd5 13. Rab1 a6 14. c4 Nc6
15. cxd5 Qxd5 16. Rfd1 Qc5 17. Qxc5 Bxc5 18. Nd4 Bxd4 19. exd4 Re8 20. d5 Rxe2
21. dxc6 g5 22. Rd8+ Kg7 23. Rxc8 Rxc8 24. cxb7 Rce8 25. Be3 R2xe3 26. fxe3 Rb8
27. Kf2 Kf6 28. Kf3 Kf5 29. Rb6 h5 30. e4+ Ke5 31. Ke3 h4 32. h3 f6 33. a3 f5
34. exf5 Kxf5 35. Kd4 Kf4 36. Kc5 Kg3 37. Rb2 Rxb7 38. Rxb7 Kxg2 39. Rb3 g4 40.
hxg4 h3 41. Rxh3 1-0

[Event "GBR-ch"]
[Site "Aberystwyth, Wales"]
[Date "2014.07.23"]
[Round "5.10"]
[White "Fernandez, Michael"]
[Black "Lewis, Andrew P"]
[Result "1/2-1/2"]
[WhiteElo "2029"]
[BlackElo "2286"]
[PlyCount "64"]
[EventDate "2014.07.19"]
[EventType "swiss"]
[EventRounds "11"]
[EventCountry "GBR"]
[Source "John Saunders"]
[SourceDate "2015.07.24"]

1. e4 c5 2. Nf3 d6 3. Bb5+ Bd7 4. Bxd7+ Nxd7 5. c4 Ngf6 6. Nc3 Ne5 7. d3 e6 8.
Be3 Rc8 9. O-O Be7 10. Nxe5 dxe5 11. Qa4+ Rc6 12. Qxa7 O-O 13. Nb5 Qd7 14. Qa3
Ng4 15. h3 Nxe3 16. fxe3 f5 17. exf5 exf5 18. Qc3 Re6 19. Rae1 e4 20. d4 cxd4
21. Nxd4 Rd6 22. Rd1 Bf6 23. c5 Rd5 24. c6 bxc6 25. Qxc6 g6 26. Qe6+ Qxe6 27.
Nxe6 Rxd1 28. Rxd1 Ra8 29. g4 fxg4 30. hxg4 Rxa2 31. Rf1 Be7 32. Rf4 Rxb2
1/2-1/2

[Event "GBR-ch"]
[Site "Aberystwyth, Wales"]
[Date "2014.07.23"]
[Round "5.11"]
[White "Wadsworth, Matthew J"]
[Black "Taylor, Adam A"]
[Result "1-0"]
[WhiteElo "2221"]
[BlackElo "2021"]
[PlyCount "93"]
[EventDate "2014.07.19"]
[EventType "swiss"]
[EventRounds "11"]
[EventCountry "GBR"]
[Source "John Saunders"]
[SourceDate "2015.07.24"]

1. e4 c5 2. Nc3 e6 3. Nf3 Nc6 4. d4 cxd4 5. Nxd4 Nf6 6. Ndb5 Bb4 7. a3 Bxc3+ 8.
Nxc3 d5 9. Bd3 d4 10. Ne2 Nd7 11. b4 Nde5 12. Bb2 a6 13. O-O O-O 14. h3 b5 15.
f4 Nxd3 16. Qxd3 e5 17. fxe5 Nxe5 18. Qg3 f6 19. Bxd4 Re8 20. Rad1 Qe7 21. Nf4
Bb7 22. Nd5 Bxd5 23. exd5 Rac8 24. Bc5 Rxc5 25. d6 Qa7 26. bxc5 Qxc5+ 27. Kh2
Qxc2 28. Rc1 Qg6 29. Qxg6 hxg6 30. Rc7 Rd8 31. Rd1 Nc4 32. d7 Kf7 33. Rd3 Ke7
34. h4 Ne5 35. Rd1 Nc4 36. Rd3 Ne5 37. Rd4 Nc4 38. Re4+ Kf7 39. Re8 Rxd7 40.
Rxd7+ Kxe8 41. Rxg7 Nxa3 42. Rxg6 Kf7 43. Rg3 Nc4 44. h5 Nd2 45. Ra3 Kg7 46.
Rxa6 b4 47. g4 1-0

[Event "GBR-ch"]
[Site "Aberystwyth, Wales"]
[Date "2014.07.23"]
[Round "5.12"]
[White "Arkell, Keith C"]
[Black "Burnett, Jim"]
[Result "1-0"]
[WhiteElo "2433"]
[BlackElo "2124"]
[PlyCount "87"]
[EventDate "2014.07.19"]
[EventType "swiss"]
[EventRounds "11"]
[EventCountry "GBR"]
[Source "John Saunders"]
[SourceDate "2015.07.24"]

1. d4 d5 2. Nf3 e6 3. Bg5 Nf6 4. c4 Be7 5. cxd5 exd5 6. Nc3 c6 7. e3 Bf5 8.
Bxf6 Bxf6 9. Bd3 Bxd3 10. Qxd3 Be7 11. O-O O-O 12. Qc2 Bd6 13. Ne2 Qe7 14. Rfe1
Nd7 15. g3 Nf6 16. Nf4 Ne4 17. Nd3 Rfe8 18. Kg2 g6 19. Rac1 Kg7 20. Nd2 h5 21.
h4 Nxd2 22. Qxd2 Qe4+ 23. f3 Qe7 24. e4 dxe4 25. fxe4 Qd7 26. e5 Bf8 27. Nf4
Qf5 28. Qe3 Rad8 29. Re2 Kg8 30. Rf1 Bh6 31. Qb3 Bxf4 32. Rxf4 Qd7 33. Ref2 Re7
34. Kh2 Qd5 35. Qa3 Rdd7 36. Qxa7 b5 37. Qa8+ Kg7 38. Rc2 c5 39. Qxd5 Rxd5 40.
dxc5 Rexe5 41. c6 Rc5 42. Rff2 Rxc2 43. Rxc2 Re8 44. b4 1-0

[Event "GBR-ch"]
[Site "Aberystwyth, Wales"]
[Date "2014.07.23"]
[Round "5.13"]
[White "Kett, Tim"]
[Black "Menadue, Jeremy F S"]
[Result "1-0"]
[WhiteElo "2270"]
[BlackElo "2117"]
[PlyCount "99"]
[EventDate "2014.07.19"]
[EventType "swiss"]
[EventRounds "11"]
[EventCountry "GBR"]
[Source "John Saunders"]
[SourceDate "2015.07.24"]

1. e4 Nf6 2. Nc3 d5 3. e5 Ne4 4. Nce2 Nc5 5. d4 Ne6 6. Nf3 g6 7. g3 Bg7 8. Bg2
c6 9. O-O Na6 10. Be3 Bd7 11. b3 O-O 12. c4 Nac7 13. Nc3 b5 14. Qd3 Bc8 15.
cxb5 cxb5 16. b4 a5 17. a3 a4 18. Nh4 Rb8 19. f4 f5 20. g4 fxg4 21. f5 g5 22.
fxe6 gxh4 23. Rxf8+ Bxf8 24. Qf5 Bxe6 25. Qg5+ Kh8 26. Qxh4 Rb6 27. Rf1 Bg8 28.
Qxg4 Rg6 29. Qh4 Be6 30. Kh1 Qe8 31. Ne2 Rg4 32. Qf2 Kg8 33. Nf4 Bf5 34. Nxd5
Qg6 35. Qxf5 Qxf5 36. Rxf5 Rxg2 37. Nxc7 Ra2 38. Ne6 Bg7 39. Rg5 Kf7 40. Nxg7
Rxa3 41. Nf5 Ke6 42. Bg1 Rb3 43. Ne3 Rxb4 44. d5+ Kd7 45. e6+ Kd6 46. h3 Rb1
47. Rg8 a3 48. Ra8 b4 49. Ra5 Rb2 50. Bh2+ 1-0

[Event "GBR-ch"]
[Site "Aberystwyth, Wales"]
[Date "2014.07.23"]
[Round "5.14"]
[White "Bullen, Alex"]
[Black "Storey, Charles H"]
[Result "0-1"]
[WhiteElo "2054"]
[BlackElo "2241"]
[PlyCount "80"]
[EventDate "2014.07.19"]
[EventType "swiss"]
[EventRounds "11"]
[EventCountry "GBR"]
[Source "John Saunders"]
[SourceDate "2015.07.24"]

1. e4 c5 2. Nf3 a6 3. c4 d6 4. d4 cxd4 5. Nxd4 Nf6 6. Nc3 b6 7. Bd3 Bb7 8. Be3
Nbd7 9. Rc1 Nc5 10. f3 Nxd3+ 11. Qxd3 Nd7 12. b3 e6 13. O-O Be7 14. Rfd1 g5 15.
Nde2 Qc7 16. Qd4 Rg8 17. Na4 g4 18. f4 Nc5 19. Nec3 Qc6 20. Nxc5 bxc5 21. Qd2
h5 22. e5 dxe5 23. fxe5 h4 24. Nd5 Bd8 25. Nf6+ Bxf6 26. exf6 h3 27. Bf4 Rg6
28. Rc3 Qxg2+ 29. Qxg2 hxg2 30. Be5 Rg5 31. Re3 Rd8 32. Rxd8+ Kxd8 33. Rd3+ Kc8
34. Bc3 g3 35. h4 Rg4 36. Ba5 Be4 37. Rd8+ Kb7 38. Rd7+ Kc6 39. Rc7+ Kd6 40.
Rxf7 Rxh4 0-1

[Event "GBR-ch"]
[Site "Aberystwyth, Wales"]
[Date "2014.07.23"]
[Round "5.15"]
[White "Shaw, Peter"]
[Black "Hoare, Amy B"]
[Result "1-0"]
[WhiteElo "2178"]
[BlackElo "1950"]
[PlyCount "121"]
[EventDate "2014.07.19"]
[EventType "swiss"]
[EventRounds "11"]
[EventCountry "GBR"]
[Source "John Saunders"]
[SourceDate "2015.07.24"]

1. d4 d5 2. Bf4 Nf6 3. e3 e6 4. c4 Be7 5. Nc3 a6 6. Nf3 O-O 7. c5 Nh5 8. b4 Nd7
9. Bd3 f5 10. O-O Ndf6 11. Ne5 Bd7 12. f3 Be8 13. a4 Nd7 14. b5 Nxe5 15. Bxe5
Bf6 16. f4 Bxe5 17. fxe5 Qg5 18. Qf3 g6 19. Ne2 Qg4 20. Qxg4 fxg4 21. Rxf8+
Kxf8 22. bxa6 bxa6 23. Nc3 Ke7 24. Rb1 Bc6 25. Be2 g3 26. Bxh5 gxh2+ 27. Kxh2
gxh5 28. a5 Rf8 29. Kg1 Rg8 30. Ne2 h4 31. Kf2 Bb5 32. Nf4 Bc4 33. Rh1 Rg4 34.
Rh3 Bb3 35. g3 hxg3+ 36. Rxg3 Rxg3 37. Kxg3 Bc2 38. Kh4 Be4 39. Kg5 Bc2 40. Kh6
Bf5 41. c6 Kf7 42. Ne2 Ke7 43. Nc3 Bc2 44. Na2 Bd3 45. Nb4 Bb5 46. Kxh7 Kf7 47.
Kh6 Bc4 48. Kg5 Kg7 49. Kf4 Kf7 50. e4 dxe4 51. Kxe4 Ke7 52. Ke3 Kf7 53. Kd2
Ke7 54. Kc3 Bf1 55. d5 exd5 56. Nxd5+ Ke6 57. Kd4 Kf7 58. Nxc7 Ke7 59. Kc5 Kd8
60. Kd6 Kc8 61. e6 1-0

[Event "GBR-ch"]
[Site "Aberystwyth, Wales"]
[Date "2014.07.23"]
[Round "5.16"]
[White "Mason, Donald J"]
[Black "Tambini, Jasper"]
[Result "1/2-1/2"]
[WhiteElo "2167"]
[BlackElo "2047"]
[PlyCount "40"]
[EventDate "2014.07.19"]
[EventType "swiss"]
[EventRounds "11"]
[EventCountry "GBR"]
[Source "John Saunders"]
[SourceDate "2015.07.24"]

1. d4 d5 2. Nf3 Nf6 3. c4 e6 4. Nc3 Be7 5. Bf4 O-O 6. e3 c5 7. dxc5 Bxc5 8. Qc2
Nc6 9. a3 Qa5 10. Rd1 Rd8 11. Be2 a6 12. O-O dxc4 13. Bxc4 Rxd1 14. Rxd1 b5 15.
Bd3 Be7 16. Ne4 Bb7 17. Nxf6+ Bxf6 18. Bxh7+ Kh8 19. Rd7 Nd8 20. Bc7 Qa4
1/2-1/2

[Event "GBR-ch"]
[Site "Aberystwyth, Wales"]
[Date "2014.07.23"]
[Round "5.17"]
[White "Willmoth, Robert F"]
[Black "Brown, Thomas"]
[Result "1-0"]
[WhiteElo "2159"]
[BlackElo "2104"]
[PlyCount "131"]
[EventDate "2014.07.19"]
[EventType "swiss"]
[EventRounds "11"]
[EventCountry "GBR"]
[Source "John Saunders"]
[SourceDate "2015.07.24"]

1. Nf3 d5 2. b3 c5 3. Bb2 Nc6 4. e3 a6 5. g3 f6 6. d4 Bg4 7. Bg2 e6 8. Nbd2 Bd6
9. h3 Bh5 10. O-O Nge7 11. a3 e5 12. dxc5 Bxc5 13. Qe1 O-O 14. b4 Ba7 15. c4
dxc4 16. Nxc4 Qd3 17. Qc3 Rfd8 18. Rfc1 Rac8 19. Qxd3 Rxd3 20. Ncd2 Bg6 21. Bf1
Rdd8 22. Nb3 Bd3 23. Nc5 Bxc5 24. Rxc5 b6 25. Rcc1 Bxf1 26. Kxf1 Kf7 27. Ke2
Ke6 28. e4 Rd6 29. Rd1 Rcd8 30. Rxd6+ Rxd6 31. Rc1 Nb8 32. Nd2 Rc6 33. Nc4 b5
34. Na5 Rxc1 35. Bxc1 Nec6 36. Nb3 Nd7 37. f4 g6 38. Kf3 f5 39. Bb2 exf4 40.
Kxf4 fxe4 41. Kxe4 Kd6 42. g4 Nb6 43. Nc5 Nc4 44. Bc1 a5 45. Bf4+ Ke7 46. Kd5
Na7 47. Bg5+ Kf7 48. bxa5 Nxa5 49. Ne4 h5 50. Nd6+ Kg7 51. Kc5 hxg4 52. hxg4
Nc4 53. Nxc4 bxc4 54. Kxc4 Kf7 55. Kc5 Ke6 56. Bf4 Kd7 57. Kb6 Nc8+ 58. Kb7 g5
59. Bxg5 Nd6+ 60. Ka6 Kc6 61. Bc1 Nb5 62. g5 Nc7+ 63. Ka5 Ne6 64. g6 Kb7 65.
Kb5 Ng7 66. Bf4 1-0

[Event "GBR-ch"]
[Site "Aberystwyth, Wales"]
[Date "2014.07.23"]
[Round "5.18"]
[White "Jones, Steven A"]
[Black "Haria, Ravi"]
[Result "1/2-1/2"]
[WhiteElo "2064"]
[BlackElo "2202"]
[PlyCount "191"]
[EventDate "2014.07.19"]
[EventType "swiss"]
[EventRounds "11"]
[EventCountry "GBR"]
[Source "John Saunders"]
[SourceDate "2015.07.24"]

1. e4 e6 2. d4 d5 3. Nc3 Bb4 4. e5 Ne7 5. a3 Bxc3+ 6. bxc3 c5 7. Qg4 Qc7 8. Bd3
cxd4 9. Ne2 dxc3 10. Qxg7 Rg8 11. Qxh7 Qxe5 12. Bf4 Qf6 13. h4 Nd7 14. Bg5 Qh8
15. Qxh8 Rxh8 16. Nxc3 a6 17. h5 f6 18. Bd2 Kf7 19. g4 Nc5 20. f4 Bd7 21. g5
Nxd3+ 22. cxd3 Nf5 23. Kf2 Bc6 24. Rag1 fxg5 25. fxg5 e5 26. Ne2 d4 27. Rh2 Kg7
28. Ng3 Nxg3 29. Rxg3 Raf8+ 30. Ke2 Rf5 31. Bb4 Ba4 32. Bd2 Bb5 33. Rg4 Bc6 34.
Rg3 Bb5 35. Rg4 Bc6 36. Rg3 e4 37. dxe4 Bxe4 38. Rh4 Re8 39. Rf4 Rxf4 40. Bxf4
Bg6+ 41. Kd2 Bxh5 42. Kd3 Bg6+ 43. Kd2 d3 44. Re3 Rc8 45. Be5+ Kf7 46. Bc3 Rc5
47. Re5 Rc4 48. Rd5 Ke6 49. Rd4 Rc5 50. Rf4 Rxg5 51. Rf2 Rg3 52. Kc1 Kd5 53.
Bd2 Be4 54. Kb2 Kd4 55. Rh2 Rg6 56. Bc3+ Kc4 57. Bd2 Rb6+ 58. Ka2 Kd4 59. Bg5
Rg6 60. Bd2 Rc6 61. Bg5 Bd5+ 62. Ka1 Kc3 63. Rb2 Bb3 64. Rf2 Bc2 65. Ka2 Bb3+
66. Ka1 Bd1 67. Rb2 Bb3 68. Rf2 Bc4 69. Rb2 b5 70. Bd2+ Kd4 71. Ba5 Bd5 72. Rd2
Ke3 73. Kb1 Be4 74. Ka2 Rc4 75. Rb2 Bd5 76. Kb1 Ra4 77. Bb6+ Kf3 78. Bc5 Rc4
79. Bb4 Rh4 80. Rd2 Ke3 81. Bc3 Rc4 82. Kb2 a5 83. Rh2 b4 84. axb4 axb4 85. Bg7
Rg4 86. Bh6+ Kd4 87. Rf2 Rg6 88. Bd2 b3 89. Rh2 Ra6 90. Rh4+ Kc5 91. Bb4+ Kb5
92. Ba3 Rc6 93. Rh2 Be4 94. Kxb3 Bf3 95. Rd2 Be2 96. Be7 1/2-1/2

[Event "GBR-ch"]
[Site "Aberystwyth, Wales"]
[Date "2014.07.23"]
[Round "5.19"]
[White "Kalaiyalahan, Akshaya"]
[Black "Hill, Alistair"]
[Result "1/2-1/2"]
[WhiteElo "2016"]
[BlackElo "2126"]
[PlyCount "83"]
[EventDate "2014.07.19"]
[EventType "swiss"]
[EventRounds "11"]
[EventCountry "GBR"]
[Source "John Saunders"]
[SourceDate "2015.07.24"]

1. d4 Nf6 2. Nf3 g6 3. g3 Bg7 4. Bg2 O-O 5. O-O d5 6. c4 dxc4 7. Na3 c3 8. bxc3
c5 9. Nc4 Nc6 10. Nfe5 Be6 11. Nxc6 bxc6 12. Qd3 cxd4 13. cxd4 c5 14. dxc5 Rc8
15. Ba3 Qxd3 16. exd3 Rfd8 17. Rad1 Nd5 18. Na5 Nc3 19. Nc6 Rxc6 20. Bxc6 Nxd1
21. Rxd1 Bxa2 22. Bb7 Rd7 23. c6 Rc7 24. Bb4 Bd5 25. Ba5 Bxc6 26. Bxc7 Bxb7 27.
Rb1 Bc6 28. Rb8+ Bf8 29. d4 Kg7 30. Kf1 f6 31. Ke2 Kf7 32. Kd3 a6 33. Bb6 Bh6
34. Rc8 Bb5+ 35. Kc3 Bf8 36. Rc7 Ke6 37. Bc5 h5 38. Rc8 Bg7 39. Rc7 Bf8 40. Rc8
Bg7 41. Rg8 Kf7 42. Rc8 1/2-1/2

[Event "GBR-ch"]
[Site "Aberystwyth, Wales"]
[Date "2014.07.23"]
[Round "5.20"]
[White "Hackner, Oskar A"]
[Black "Davis, Lee"]
[Result "1/2-1/2"]
[WhiteElo "2108"]
[BlackElo "1978"]
[PlyCount "62"]
[EventDate "2014.07.19"]
[EventType "swiss"]
[EventRounds "11"]
[EventCountry "GBR"]
[Source "John Saunders"]
[SourceDate "2015.07.24"]

1. d4 Nf6 2. c4 e6 3. Nc3 Bb4 4. f3 d5 5. a3 Bxc3+ 6. bxc3 c5 7. cxd5 Nxd5 8.
dxc5 Qa5 9. e4 Ne7 10. Be3 O-O 11. Qb3 Qc7 12. Nh3 Nd7 13. Qb5 Nc6 14. Nf2 a6
15. Qb2 Na5 16. Qb4 Nc6 17. Qb1 Qa5 18. Nd3 Qxc3+ 19. Kf2 Nde5 20. Nxe5 Nxe5
21. Qd1 Qa5 22. Be2 Rd8 23. Qb3 Bd7 24. f4 Ng6 25. h4 Bc6 26. h5 Nf8 27. Bf3
Nd7 28. Rac1 Nf6 29. Rc4 Bb5 30. Qb4 Qxb4 31. Rxb4 Bc6 1/2-1/2

[Event "GBR-ch"]
[Site "Aberystwyth, Wales"]
[Date "2014.07.23"]
[Round "5.21"]
[White "Waddington, Mike P"]
[Black "Fathallah, Joe"]
[Result "1-0"]
[WhiteElo "2085"]
[BlackElo "1953"]
[PlyCount "117"]
[EventDate "2014.07.19"]
[EventType "swiss"]
[EventRounds "11"]
[EventCountry "GBR"]
[Source "John Saunders"]
[SourceDate "2015.07.24"]

1. Nc3 d5 2. e4 e6 3. Nf3 Nf6 4. e5 Nfd7 5. d4 c5 6. dxc5 Nc6 7. Bb5 Bxc5 8.
O-O O-O 9. Bf4 Qb6 10. Rb1 Nd4 11. Bd3 Nxf3+ 12. Qxf3 f5 13. Ne2 Qd8 14. c4 Nb6
15. Rfd1 Bd7 16. b4 dxc4 17. Bc2 Be7 18. Qxb7 Qc8 19. Qf3 Ba4 20. Bxa4 Nxa4 21.
Nc3 Nxc3 22. Qxc3 Qc7 23. Rd4 Rac8 24. Rc1 Rfd8 25. Rxd8+ Qxd8 26. Kf1 Qd5 27.
a4 a6 28. f3 Qc6 29. a5 h6 30. Be3 Qb5 31. Rb1 Rd8 32. Bd4 Qd5 33. Bb6 Qd3+ 34.
Qxd3 Rxd3 35. Rc1 Rd5 36. Rxc4 Rxe5 37. Bc5 Kf8 38. Bxe7+ Kxe7 39. Rc7+ Kd8 40.
Ra7 Rb5 41. Rxa6 e5 42. Rb6 Rxb6 43. axb6 Kc8 44. Ke2 Kb7 45. Kd3 Kxb6 46. Kc4
Kc6 47. b5+ Kd6 48. b6 g5 49. b7 Kc7 50. Kd5 e4 51. fxe4 f4 52. e5 Kxb7 53. Ke4
Kc7 54. Kf5 Kd7 55. h3 Ke7 56. Kg6 Ke6 57. Kxh6 g4 58. hxg4 Kxe5 59. g5 1-0

[Event "GBR-ch"]
[Site "Aberystwyth, Wales"]
[Date "2014.07.23"]
[Round "5.22"]
[White "Fraser, John"]
[Black "Jarmany, John"]
[Result "0-1"]
[WhiteElo "1854"]
[BlackElo "2073"]
[PlyCount "74"]
[EventDate "2014.07.19"]
[EventType "swiss"]
[EventRounds "11"]
[EventCountry "GBR"]
[Source "John Saunders"]
[SourceDate "2015.07.24"]

1. e4 c5 2. Nf3 d6 3. d4 cxd4 4. Nxd4 Nf6 5. Nc3 a6 6. Bg5 Nbd7 7. Qd2 Qc7 8.
f3 h6 9. Be3 b5 10. Nb3 Nb6 11. Qd4 Rb8 12. Nd5 Nbxd5 13. exd5 g6 14. c4 bxc4
15. Bxc4 Bg7 16. Rc1 Qb7 17. Qd2 Qb4 18. Rc3 Nd7 19. Bd4 Ne5 20. Qe2 O-O 21.
O-O Bd7 22. Bxa6 Ba4 23. Rd1 Ra8 24. Kh1 Rfe8 25. f4 Nd7 26. Bxg7 Kxg7 27. Rd4
Qb6 28. Rxa4 Nf6 29. Bb5 Rec8 30. Rxa8 Rxa8 31. Rc6 Qb7 32. Ba6 Qd7 33. Qd3 Ng4
34. Qc3+ Kh7 35. Rc8 Rxc8 36. Bxc8 Nf2+ 37. Kg1 Qa7 {White overstepped the
time limit} 0-1